00367nam a2200145Ia 4500008004100000020001500041041000800056082001600064100002300080245005000103250000600153260003900159300001400198650000900212210716s2001 xx 000 0 und d a8178080966 aeng a005.43 STEW aStevens,Richard W. aAdvanced programming in the unix environment. a1 aNew DelhibPearson Educationc2001 axviii,744 aUnix